Score 0/20 Timer 04:00
2 Plays Today
Hint Answer % Correct
penguins
98.7%
spider
98.6%
owls
98.4%
swan
97.6%
pig
97.5%
butterfly
97.4%
seahorse
97.3%
shark
97.2%
lion with lamb
97.1%
polar bears
96.9%
Hint Answer % Correct
lobster
96%
'sewer' alligator
95.9%
snake eating an elephant
95.5%
goldfish
91.3%
sea turtle
90.4%
orca
88%
beaver
87.6%
oyster with pearl
85.7%
stegosaurus
69.4%
caterpillar
61.9%

You're not logged in!

Compare scores with friends on all Sporcle quizzes.
OR
Log In

From the Vault

NFL Starting QBs (2010s)

by stiggles37

If you guess Joe Montana, you're doing this wrong.
Remove Ads.
Support Sporcle.
Get the best of Sporcle when you Go Orange. This ad-free experience offers more features, more stats, and more fun while also helping to support Sporcle. Thank you for becoming a member.

Show Comments

Extras

Top Quizzes Today


Score Distribution

Your Account Isn't Verified!

In order to create a playlist on Sporcle, you need to verify the email address you used during registration. Go to your Sporcle Settings to finish the process.

Report this User

Report this user for behavior that violates our Community Guidelines.

Details: